000 00761nam a2200217 i 4500
001 81906
003 ES-MaACL
007 t|
008 041108s1981 sp ||||1| spa d
245 0 3 _aLa indiciación de los salarios en los países industrializados de economía de mercado /
_cOIT, M.D. Grandal, J.L. Malo, A. Serrano ; [traducción, Miguel Morán].
250 _a[1ª ed.].
260 _a[Madrid] :
_bH. Blume,
_c[1981]
300 _a207 p. ;
_c21 cm.
700 1 _aGrandal, M. D.
_9209488
700 1 _aMalo, J. L.
_9209490
700 1 _aSerrano, A.
_9105683
700 1 _aMorán Turina, José Miguel
_983126
710 2 _aOrganización Internacional del Trabajo
_96067
852 _aES-MaACL
_jL-3681
_bR.104687
999 _c81906
_d81906